00401nam a2200121 a 450000100100000000500170001000800410002704000250006808200150009324500590010826000920016730000200025900003127620200930062822.0110617s19uu dr a 000 0 spa d aDO-SdBNPbspacBNPHU axxxxbE79c00aEstatutos de la Cooperativa de Producción y Consumo. a[Santo Domingo :bEscuela Salesiana de Artes Gráficas "María Auxiliadora",c19--?]. a32 p. ;c20 cm.